[Event "URU-chT3"]
[Site "Montevideo"]
[Date "2023.07.22"]
[Round "2.1"]
[White "Garcia, Axel"]
[Black "Ballestra Altez, Leonel"]
[Result "0-1"]
[WhiteElo "1746"]
[BlackElo "1749"]
[PlyCount "48"]
[EventDate "2023.07.21"]
[EventType "swiss"]
[EventRounds "5"]
[EventCountry "URU"]
[SourceTitle "EXT 2024"]
[Source "ChessBase"]
[SourceDate "2023.10.10"]
[SourceVersion "1"]
[SourceVersionDate "2023.10.10"]
[SourceQuality "1"]
[WhiteTeam "Mijail Tal III"]
[BlackTeam "Progreso II"]
[WhiteTeamCountry "URU"]
[BlackTeamCountry "URU"]

1. c4 c5 2. Nc3 Nc6 3. g3 g6 4. Bg2 Bg7 5. e3 d6 6. Nge2 Nf6 7. d4 cxd4 8. exd4 0-0 9. 0-0 Bf5 10. h3 Rc8 11. Be3 a6 12. b3 Qa5 13. f4 Rfe8 14. d5 Nb8 15. g4 Bd7 16. Bd4 b5 17. Qd3 bxc4 18. bxc4 Qb4 19. Rfc1 Qxc4 20. Qd2 e5 21. dxe6 Qxe6 22. g5 Nh5 23. Nd5 Qxe2 24. Qxe2 Rxe2 0-1

[Event "Montevideo Duchamp Cup 6th"]
[Site "Montevideo"]
[Date "2023.02.06"]
[Round "4"]
[White "Saralegui Cassan, Mario"]
[Black "Garcia, Axel"]
[Result "1/2-1/2"]
[WhiteElo "2018"]
[BlackElo "1781"]
[PlyCount "86"]
[EventDate "2023.02.03"]
[EventType "swiss"]
[EventRounds "9"]
[EventCountry "URU"]
[SourceTitle "CBM 212 Extra"]
[Source "ChessBase"]
[SourceDate "2023.03.31"]
[SourceVersion "1"]
[SourceVersionDate "2023.03.31"]
[SourceQuality "1"]

1. d4 Nf6 2. Nf3 e6 3. e3 d5 4. Bd3 c5 5. b3 Nc6 6. c3 b6 7. 0-0 Be7 8. Bb2 Bb7 9. Nbd2 0-0 10. Rc1 Rc8 11. Bb1 Qc7 12. c4 Qb8 13. dxc5 bxc5 14. cxd5 Nxd5 15. Ne4 Rfd8 16. Qe2 Ncb4 17. Nfg5 h6 18. Qh5 Bxg5 19. Nxg5 Qc7 20. Rxc5 Qe7 21. Rxc8 Rxc8 22. Nf3 Nc3 23. Qg4 f5 24. Qg6 Nxb1 25. Rxb1 Bxf3 26. gxf3 Rc2 27. Ba3 a5 28. e4 Qg5+ 29. Qxg5 hxg5 30. Bxb4 axb4 31. exf5 exf5 32. Rd1 Kh7 33. Rd4 Rxa2 34. Rxb4 Kh6 35. Rb8 Kh5 36. Kg2 Rb2 37. b4 g4 38. b5 Rb3 39. fxg4+ Kxg4 40. Rg8 g5 41. h3+ Kf4 42. Rb8 Rb1 43. b6 Rb2 1/2-1/2

[Event "Montevideo Trebejos Primavera op"]
[Site "Montevideo"]
[Date "2022.11.07"]
[Round "4"]
[White "Gasco, Maximiliano"]
[Black "Garcia, Axel"]
[Result "0-1"]
[WhiteElo "1494"]
[BlackElo "1781"]
[PlyCount "102"]
[EventDate "2022.10.17"]
[EventType "swiss"]
[EventRounds "6"]
[EventCountry "URU"]
[SourceTitle "EXT 2024"]
[Source "ChessBase"]
[SourceDate "2023.10.10"]
[SourceVersion "1"]
[SourceVersionDate "2023.10.10"]
[SourceQuality "1"]

1. e4 c6 2. d4 d5 3. e5 Bf5 4. Nf3 e6 5. Be2 Ne7 6. Be3 Nd7 7. 0-0 c5 8. dxc5 Nc6 9. Bd4 Nxc5 10. c3 Be7 11. b4 Nd7 12. a4 Qc7 13. Bb5 Bg4 14. Bxc6 bxc6 15. Re1 c5 16. bxc5 Nxc5 17. h3 Bh5 18. Nbd2 0-0 19. g4 Bg6 20. h4 h5 21. g5 Bf5 22. Nh2 g6 23. Nhf1 Rfc8 24. Ng3 Rab8 25. Nxf5 exf5 26. Bxc5 Qxc5 27. e6 Bd6 28. exf7+ Kxf7 29. Nf3 Re8 30. Rb1 Re4 31. Rxe4 dxe4 32. Rxb8 Bxb8 33. Qd7+ Qe7 34. Qd5+ Kf8 35. Nd4 Qd6 36. Ne6+ Ke7 37. Qxd6+ Bxd6 38. Nd4 Bc5 39. Ne2 Kf7 40. Kg2 Bd6 41. Nd4 a6 42. Kf1 Be5 43. Ne2 Ke6 44. Ke1 Kd5 45. Kd2 f4 46. Nc1 Kc4 47. Ne2 f3 48. Nc1 Bxc3+ 49. Ke3 Kd5 50. Nb3 a5 51. Nc1 Bd4+ 0-1

[Event "Montevideo Trebejos Primavera op"]
[Site "Montevideo"]
[Date "2022.10.24"]
[Round "2"]
[White "Vaz Lacuesta, Leonardo"]
[Black "Garcia, Axel"]
[Result "1-0"]
[WhiteElo "2067"]
[BlackElo "1781"]
[PlyCount "61"]
[EventDate "2022.10.17"]
[EventType "swiss"]
[EventRounds "6"]
[EventCountry "URU"]
[SourceTitle "EXT 2024"]
[Source "ChessBase"]
[SourceDate "2023.10.10"]
[SourceVersion "1"]
[SourceVersionDate "2023.10.10"]
[SourceQuality "1"]

1. e4 c6 2. d4 d5 3. exd5 cxd5 4. Nf3 Nf6 5. Bd3 Bg4 6. 0-0 e6 7. c3 Be7 8. Qa4+ Nfd7 9. Ne5 Bh5 10. Nd2 f6 11. Nxd7 Nxd7 12. Re1 Bf7 13. Nf3 Bd6 14. Qb5 0-0 15. Qxb7 e5 16. Bf5 Bc7 17. Qc6 e4 18. Qxd7 Qxd7 19. Bxd7 exf3 20. gxf3 Rab8 21. b4 Rb6 22. b5 Bd6 23. a4 Rb7 24. Bc6 Rc7 25. Ba3 Rd8 26. Bxd6 Rxd6 27. Re3 Rdxc6 28. bxc6 Rxc6 29. Rb1 Bg6 30. Rb8+ Kf7 31. Rb7+ 1-0

[Event "Montevideo Crysol op 4th"]
[Site "Montevideo"]
[Date "2021.11.14"]
[Round "4"]
[White "Avedisian, Alexander"]
[Black "Garcia, Axel"]
[Result "1-0"]
[WhiteElo "1904"]
[BlackElo "1777"]
[PlyCount "63"]
[EventDate "2021.11.12"]
[EventType "swiss"]
[EventRounds "5"]
[EventCountry "URU"]
[SourceTitle "CBM 205 Extra"]
[Source "ChessBase"]
[SourceDate "2022.01.31"]
[SourceVersion "1"]
[SourceVersionDate "2022.01.31"]
[SourceQuality "1"]

1. Nf3 Nf6 2. g3 g6 3. Bg2 Bg7 4. 0-0 c5 5. d3 d6 6. Nc3 Nc6 7. Nh4 e5 8. f4 h6 9. e4 exf4 10. gxf4 Ng4 11. Nf3 Nd4 12. h3 h5 13. Nd5 Nh6 14. c3 Nxf3+ 15. Qxf3 f5 16. Qg3 Kf7 17. Be3 Be6 18. d4 Bxd5 19. exd5 cxd4 20. Bxd4 Bxd4+ 21. cxd4 Re8 22. Rfe1 Qf6 23. Re6 Rxe6 24. dxe6+ Qxe6 25. Re1 Qd7 26. Bd5+ Kg7 27. Re6 Ng4 28. hxg4 fxg4 29. Qh4 Qa4 30. Qf6+ Kh7 31. Qxg6+ Kh8 32. Qh6+ 1-0

[Event "URU-chTA"]
[Site "Montevideo"]
[Date "2021.10.02"]
[Round "2.2"]
[White "Elena, Eduardo"]
[Black "Garcia, Axel"]
[Result "1-0"]
[WhiteElo "1660"]
[BlackElo "1802"]
[PlyCount "49"]
[EventDate "2021.10.01"]
[EventType "team-swiss"]
[EventRounds "5"]
[EventCountry "URU"]
[SourceTitle "EXT 2023"]
[Source "ChessBase"]
[SourceDate "2022.10.05"]
[SourceVersion "1"]
[SourceVersionDate "2022.10.05"]
[SourceQuality "1"]
[WhiteTeam "Solis de Pando"]
[BlackTeam "Udelar"]
[WhiteTeamCountry "URU"]
[BlackTeamCountry "URU"]

1. e4 c6 2. c4 d5 3. exd5 cxd5 4. cxd5 Nf6 5. Nc3 Nxd5 6. Nf3 Nc6 7. d4 e6 8. Bd3 Be7 9. 0-0 Bf6 10. Bb1 0-0 11. Ne4 Be7 12. Neg5 Nf6 13. Qd3 Nb4 14. Qe2 b6 15. Re1 h6 16. Nh7 Bb7 17. Nxf8 Bxf8 18. a3 Nc6 19. Be3 Qe7 20. Ba2 Rc8 21. Rac1 Qd7 22. Rc2 Nd5 23. Rec1 Rd8 24. Rxc6 Bxc6 25. Ne5 1-0

[Event "URU-chTB"]
[Site "Montevideo"]
[Date "2018.07.07"]
[Round "2.11"]
[White "Garcia, Axel"]
[Black "Escofet Fernandez, Jaime"]
[Result "0-1"]
[WhiteElo "1849"]
[BlackElo "1961"]
[PlyCount "78"]
[EventDate "2018.07.06"]
[EventType "team-swiss"]
[EventRounds "5"]
[EventCountry "URU"]
[SourceTitle "EXT 2019"]
[Source "ChessBase"]
[SourceDate "2018.10.10"]
[SourceVersion "1"]
[SourceVersionDate "2018.10.10"]
[SourceQuality "1"]
[WhiteTeam "Udelar"]
[BlackTeam "Solis de Pando"]
[WhiteTeamCountry "URU"]
[BlackTeamCountry "URU"]

1. c4 Nf6 2. Nc3 e5 3. g3 Bb4 4. Bg2 Bxc3 5. dxc3 0-0 6. e4 d6 7. Nf3 Nbd7 8. Qc2 Nc5 9. Nd2 Bg4 10. b4 Ne6 11. Nf1 a5 12. Ne3 axb4 13. Nxg4 Nxg4 14. Qd1 Nf6 15. cxb4 Nd4 16. Bb2 c5 17. 0-0 Nd7 18. Qd3 Ra4 19. Bxd4 cxd4 20. a3 Qc7 21. Rfc1 Rfa8 22. f4 b6 23. fxe5 dxe5 24. c5 bxc5 25. Bh3 h6 26. Bxd7 Qxd7 27. Rxc5 Rxb4 28. Rxe5 Rb2 29. Rf5 g6 30. Rf2 Rxf2 31. Kxf2 Qd6 32. a4 Qb4 33. Qa3 Qc4 34. Ra2 d3 35. Rd2 Qd4+ 36. Kf1 Rd8 37. Qe7 Rd7 38. Qe8+ Kg7 39. Ke1 Qg1# 0-1

[Event "Montevideo Andrea Memorial 2nd"]
[Site "Montevideo"]
[Date "2017.06.20"]
[Round "5"]
[White "Garcia, Axel"]
[Black "Vaz Lacuesta, Leonardo"]
[Result "0-1"]
[WhiteElo "1841"]
[BlackElo "2131"]
[PlyCount "114"]
[EventDate "2017.06.01"]
[EventType "tourn"]
[EventRounds "7"]
[EventCountry "URU"]
[SourceTitle "EXT 2018"]
[Source "ChessBase"]
[SourceDate "2017.10.13"]
[SourceVersion "1"]
[SourceVersionDate "2017.10.13"]
[SourceQuality "1"]

1. d4 d5 2. c4 e6 3. Nc3 Nf6 4. cxd5 exd5 5. Bg5 Be7 6. e3 0-0 7. Bd3 c6 8. Nge2 Nbd7 9. 0-0 Re8 10. a3 Nf8 11. Qc2 Bd6 12. Bf4 Bg4 13. Bxd6 Qxd6 14. Ng3 a6 15. Rae1 g6 16. f3 Bd7 17. Qf2 Be6 18. Nce2 Rad8 19. e4 Qe7 20. Qe3 Kg7 21. e5 Ng8 22. Nh1 f6 23. f4 f5 24. Nf2 Nh6 25. Nc3 c5 26. Na4 c4 27. Be2 Nd7 28. h3 b5 29. Nc3 Rb8 30. g4 b4 31. axb4 Rxb4 32. g5 Nf7 33. Nfd1 Nb6 34. Rf2 Rb3 35. Qd2 a5 36. h4 a4 37. Rh2 a3 38. bxa3 Qxa3 39. h5 Na4 40. Nxa4 Qxa4 41. hxg6 hxg6 42. Kf2 Qa3 43. Reh1 Reb8 44. Kg1 Rg3+ 45. Rg2 Rbb3 46. Rhh2 Nd8 47. Rxg3 Rxg3+ 48. Rg2 Rh3 49. Qb2 Qxb2 50. Nxb2 Nc6 51. Kf2 Nxd4 52. Ke1 c3 53. Nd3 Re3 54. Kd1 Bd7 55. Nc5 c2+ 56. Kd2 c1Q+ 57. Kxc1 Rc3+ 0-1

[Event "Montevideo Trebejos Autumn op"]
[Site "Montevideo"]
[Date "2017.05.03"]
[Round "4"]
[White "Guisande, Fernando"]
[Black "Garcia, Axel"]
[Result "1-0"]
[WhiteElo "1909"]
[BlackElo "1832"]
[PlyCount "85"]
[EventDate "2017.04.24"]
[EventType "swiss"]
[EventRounds "7"]
[EventCountry "URU"]
[SourceTitle "CBM 178 Extra"]
[Source "ChessBase"]
[SourceDate "2017.06.22"]
[SourceVersion "1"]
[SourceVersionDate "2017.06.22"]
[SourceQuality "1"]

1. e4 e5 2. Nf3 Nc6 3. Bb5 Nge7 4. 0-0 d6 5. c3 Bd7 6. d4 Ng6 7. Be3 Be7 8. Nbd2 0-0 9. Bc4 Kh8 10. d5 Nb8 11. Bd3 f5 12. exf5 Bxf5 13. Bxf5 Rxf5 14. Ne4 Nd7 15. b3 Nc5 16. Qc2 Nxe4 17. Qxe4 Qf8 18. Kh1 Qf7 19. Ng1 h5 20. g3 Bg5 21. Bxg5 Rxg5 22. Rad1 Rf5 23. h4 Rf8 24. Nh3 Qf6 25. Rd3 Ne7 26. Ng5 Rxg5 27. hxg5 Qxg5 28. Qh4 Qxh4+ 29. gxh4 Rf4 30. Rh3 Nxd5 31. c4 Nb4 32. Kg2 e4 33. f3 exf3+ 34. Rfxf3 Rg4+ 35. Rhg3 Rxg3+ 36. Kxg3 Nxa2 37. Rf7 Nc1 38. Rxc7 Nxb3 39. Rxb7 Nd2 40. Rc7 a5 41. Kf4 a4 42. Kf5 a3 43. Kg6 1-0

[Event "Montevideo Trebejos Autumn op"]
[Site "Montevideo"]
[Date "2017.04.28"]
[Round "3"]
[White "Garcia, Axel"]
[Black "Benitez, Julio"]
[Result "1-0"]
[WhiteElo "1832"]
[BlackElo "1579"]
[PlyCount "57"]
[EventDate "2017.04.24"]
[EventType "swiss"]
[EventRounds "7"]
[EventCountry "URU"]
[SourceTitle "CBM 178 Extra"]
[Source "ChessBase"]
[SourceDate "2017.06.22"]
[SourceVersion "1"]
[SourceVersionDate "2017.06.22"]
[SourceQuality "1"]

1. d4 d5 2. c4 e6 3. Nc3 Nf6 4. Nf3 c6 5. e3 Be7 6. Qc2 Nbd7 7. Bd3 a6 8. b3 h6 9. 0-0 0-0 10. e4 Nxe4 11. Nxe4 dxe4 12. Bxe4 f5 13. Bd3 Bf6 14. Ba3 Re8 15. Rad1 g6 16. Rfe1 Qb6 17. Bd6 c5 18. dxc5 Nxc5 19. Be5 Nd7 20. c5 Qc6 21. Nd4 Qxc5 22. Qxc5 Nxc5 23. Bxf6 Nxd3 24. Rxd3 Kf7 25. Be5 b5 26. Rc3 Ra7 27. Rec1 Bd7 28. Rc7 Rxc7 29. Rxc7 1-0

[Event "URU-chT Interclubes Serie B"]
[Site "Montevideo"]
[Date "2016.09.23"]
[Round "1.51"]
[White "Muniz, Luciano"]
[Black "Garcia, Axel"]
[Result "0-1"]
[WhiteElo "1519"]
[BlackElo "1817"]
[PlyCount "42"]
[EventDate "2016.09.23"]
[EventType "swiss"]
[EventRounds "5"]
[EventCountry "URU"]
[SourceTitle "EXT 2024"]
[Source "ChessBase"]
[SourceDate "2023.10.10"]
[SourceVersion "1"]
[SourceVersionDate "2023.10.10"]
[SourceQuality "1"]

1. e4 e5 2. Nf3 Nc6 3. Bc4 Be7 4. c3 Nf6 5. d3 d6 6. 0-0 0-0 7. h3 h6 8. Nbd2 Nh7 9. b4 Kh8 10. d4 exd4 11. Nxd4 Nxd4 12. cxd4 f5 13. d5 Bf6 14. Rb1 f4 15. Nf3 Be5 16. Nd4 Qf6 17. Nf3 Qg6 18. Nxe5 dxe5 19. Qd3 f3 20. g3 Bxh3 21. Bb2 Bg2 0-1

[Event "Montevideo Viernes Trebejos 2nd"]
[Site "Montevideo"]
[Date "2015.10.23"]
[Round "5.4"]
[White "Garcia, Axel"]
[Black "Pinero, Ismael"]
[Result "1-0"]
[WhiteElo "1765"]
[BlackElo "1996"]
[PlyCount "61"]
[EventDate "2015.09.28"]
[EventType "swiss"]
[EventRounds "5"]
[EventCountry "URU"]
[SourceTitle "EXT 2024"]
[Source "ChessBase"]
[SourceDate "2023.10.10"]
[SourceVersion "1"]
[SourceVersionDate "2023.10.10"]
[SourceQuality "1"]

1. Nf3 Nf6 2. c4 g6 3. d4 Bg7 4. Nc3 d6 5. Bg5 Na6 6. e3 c6 7. Be2 0-0 8. Nd2 Qa5 9. Bh4 Re8 10. 0-0 e5 11. Nce4 Nxe4 12. Nxe4 Qc7 13. dxe5 Bxe5 14. Nf6+ Bxf6 15. Bxf6 Nc5 16. b4 Nd7 17. Bb2 c5 18. Qd2 cxb4 19. Qd4 f6 20. Rfd1 a5 21. Qf4 Rf8 22. Rxd6 Ra6 23. Rad1 Rxd6 24. Rxd6 b5 25. cxb5 Qc2 26. Qc4+ Qxc4 27. Bxc4+ Kg7 28. b6 Nc5 29. Bd4 Ba6 30. Bxc5 Bxc4 31. Rd7+ 1-0

[Event "Montevideo Viernes Trebejos 2nd"]
[Site "Montevideo"]
[Date "2015.10.09"]
[Round "3.9"]
[White "Garcia, Axel"]
[Black "Bouza, Walter"]
[Result "1-0"]
[WhiteElo "1765"]
[BlackElo "1446"]
[PlyCount "111"]
[EventDate "2015.09.28"]
[EventType "swiss"]
[EventRounds "5"]
[EventCountry "URU"]
[SourceTitle "EXT 2024"]
[Source "ChessBase"]
[SourceDate "2023.10.10"]
[SourceVersion "1"]
[SourceVersionDate "2023.10.10"]
[SourceQuality "1"]

1. c4 Nf6 2. Nc3 e6 3. Nf3 c5 4. d4 cxd4 5. Nxd4 a6 6. e4 e5 7. Nf3 d6 8. h3 Be7 9. Be2 Nbd7 10. Be3 b6 11. 0-0 Bb7 12. Nd2 0-0 13. b4 a5 14. a3 axb4 15. axb4 Rxa1 16. Qxa1 Qa8 17. f3 Qxa1 18. Rxa1 Ra8 19. Rxa8+ Bxa8 20. Na4 Bd8 21. Nb1 Kf8 22. Nbc3 Ke7 23. Nb5 Bc6 24. Nac3 Bxb5 25. Nxb5 h6 26. Na7 Bc7 27. Bd1 g5 28. h4 g4 29. Bxh6 Ng8 30. Bg5+ f6 31. Be3 gxf3 32. Bxf3 Kf7 33. Bg4 Nf8 34. Nc8 Ne6 35. Nxb6 Nd4 36. Nd5 Bb8 37. b5 Ne7 38. Nxe7 Kxe7 39. h5 Kf7 40. h6 Ba7 41. Kh2 Nf3+ 42. Bxf3 Bxe3 43. Bh5+ Kg8 44. Bg6 Bxh6 45. b6 Be3 46. b7 Ba7 47. Kh3 Kg7 48. Bh5 Kh6 49. Kg4 Bb8 50. Be8 Bc7 51. Kf5 Kg7 52. Ke6 Kf8 53. Kd7 Bb8 54. Kc8 Ba7 55. Bg6 Kg7 56. Bf5 1-0

[Event "URU-ch sf"]
[Site "Montevideo"]
[Date "2014.02.28"]
[Round "1"]
[White "Curi, Gabriel"]
[Black "Garcia, Axel"]
[Result "1-0"]
[WhiteElo "2135"]
[BlackElo "1785"]
[PlyCount "69"]
[EventDate "2014.02.28"]
[EventType "swiss"]
[EventRounds "9"]
[EventCountry "URU"]
[SourceTitle "CBM 159 Extra"]
[Source "ChessBase"]
[SourceDate "2014.04.24"]
[SourceVersion "1"]
[SourceVersionDate "2014.04.24"]
[SourceQuality "1"]

1. e4 e6 2. d4 d5 3. exd5 exd5 4. c4 Nf6 5. Nc3 c6 6. Nf3 Bg4 7. cxd5 Nxd5 8. h3 Bxf3 9. Qxf3 Bd6 10. Bd3 0-0 11. 0-0 Nxc3 12. bxc3 Nd7 13. c4 Qf6 14. Qe4 g6 15. Rb1 Rab8 16. Qg4 Qe6 17. Qxe6 fxe6 18. c5 Bf4 19. Bc4 Bxc1 20. Bxe6+ Kg7 21. Rfxc1 Rfd8 22. Rb4 Nf6 23. Rcb1 b6 24. cxb6 axb6 25. Rxb6 Rxb6 26. Rxb6 Rxd4 27. Rxc6 Ra4 28. Rc7+ Kh6 29. Bb3 Ra5 30. Rf7 Nd5 31. f4 Nc3 32. g4 g5 33. Bc2 gxf4 34. Rxh7+ Kg5 35. Rh5+ 1-0

[Event "Montevideo zt 2.5"]
[Site "Montevideo"]
[Date "2013.04.22"]
[Round "6"]
[White "Muzzi, Eduardo"]
[Black "Garcia, Axel"]
[Result "1-0"]
[WhiteElo "2022"]
[BlackElo "1790"]
[PlyCount "109"]
[EventDate "2013.04.19"]
[EventType "swiss"]
[EventRounds "9"]
[EventCountry "URU"]
[SourceTitle "CBM 154 Extra"]
[Source "ChessBase"]
[SourceDate "2013.06.25"]
[SourceVersion "2"]
[SourceVersionDate "2013.06.25"]
[SourceQuality "1"]

1. e4 d5 2. exd5 Nf6 3. d4 Nxd5 4. Nf3 Bg4 5. h3 Bh5 6. c4 Nb6 7. Nc3 Nc6 8. d5 Ne5 9. g4 Nxf3+ 10. Qxf3 Bg6 11. c5 Nd7 12. Bb5 a6 13. Ba4 e6 14. dxe6 fxe6 15. c6 bxc6 16. Qxc6 Bd6 17. Be3 Rb8 18. 0-0-0 Qe7 19. h4 h6 20. Rhe1 Rd8 21. Nd5 Qf7 22. Nxc7+ Bxc7 23. Rxd7 Rxd7 24. Qxc7 0-0 25. Qxd7 Qf6 26. Bc2 Bxc2 27. Kxc2 Qg6+ 28. Qd3 Rc8+ 29. Kd2 Qxg4 30. Qd4 Qg6 31. Rc1 Rb8 32. Rc2 Qe8 33. Kc1 Rd8 34. Qc4 Kh8 35. b3 Qg6 36. Kb2 Qf6+ 37. Rc3 Rd1 38. Qxa6 Qf5 39. Qc8+ Kh7 40. Rc2 Qf6+ 41. Qc3 Qxh4 42. Rd2 Rg1 43. Qd3+ Rg6 44. a4 h5 45. f4 Qf6+ 46. Ka2 h4 47. Rh2 Kg8 48. Qd4 Qe7 49. Bf2 Rg4 50. Qe3 Qf6 51. a5 Rxf4 52. Bxh4 Qf5 53. Be1 Re4 54. Qd2 Kf7 55. Rf2 1-0

[Event "Montevideo zt 2.5"]
[Site "Montevideo"]
[Date "2013.04.19"]
[Round "1"]
[White "Garcia, Axel"]
[Black "Zacarias Martinez, Ruben David"]
[Result "0-1"]
[WhiteElo "1790"]
[BlackElo "2186"]
[PlyCount "84"]
[EventDate "2013.04.19"]
[EventType "swiss"]
[EventRounds "9"]
[EventCountry "URU"]
[SourceTitle "CBM 154 Extra"]
[Source "ChessBase"]
[SourceDate "2013.06.25"]
[SourceVersion "2"]
[SourceVersionDate "2013.06.25"]
[SourceQuality "1"]

1. c4 Nf6 2. Nc3 g6 3. Nf3 Bg7 4. g3 0-0 5. Bg2 d6 6. 0-0 e5 7. d3 Nc6 8. Rb1 a5 9. Bg5 h6 10. Bxf6 Bxf6 11. Nd5 Bg7 12. Nd2 f5 13. e3 Ne7 14. Qc2 c6 15. Nxe7+ Qxe7 16. b4 Be6 17. b5 d5 18. bxc6 bxc6 19. Rb6 Qc5 20. Rfb1 g5 21. Rb7 a4 22. Rc1 Rfc8 23. Qb2 Qd6 24. c5 Qf8 25. Qb4 g4 26. Re1 h5 27. a3 Bh6 28. d4 Qf6 29. f4 exd4 30. Qxd4 Bg7 31. Qxf6 Bxf6 32. Kf1 Kf8 33. Ke2 Ra5 34. Rc1 Be7 35. Rcb1 Bxc5 36. Rh7 Rb5 37. Rxb5 cxb5 38. Nb1 Re8 39. Rb7 Bxe3 40. Rxb5 d4 41. Ra5 Rb8 42. Ra6 Bc4+ 0-1